00934cam a22002774a 45000010009000000050017000090080041000260100017000670200039000840200039001230200034001620220014001960400028002100410008002380420008002460800012002540820019002661000007002851010009002922450119003015040051004209060045004719420012005169990017005289520111005451278716120180130033047.0020523s2002 ne ab b 101 0 eng  a 2002072154 a0444510389 (alk. paper : vol. 28A) a0444510397 (alk. paper : vol. 28B) a0444510400 (alk. paper : set)0 a0166-2481 aDLCcDLCdDLCdWaUdDLC aeng apcc a631.41 00a631.41 VIO221 a41 aGJEO10aSoil mineral-organic matter-microorganism interactions and ecosystem health :cedited by A. Violante ... [et al.]. aIncludes bibliographical references and index. a7bcbccorignewd1eocipf20gy-gencatlg 2ddccBK c41212d41212 00102udc40708PËKGa002b002cKLMd2018-01-30l0o631.41 VIOp002-2996721r2018-01-30w2018-01-30yBK